| 000 | 01107nam a22003137a 4500 | ||
|---|---|---|---|
| 001 | 6039 | ||
| 003 | FISKH | ||
| 005 | 20250226122753.0 | ||
| 008 | 250226b cb ||||| |||| 00| 0 eng d | ||
| 020 | _a9780590226387 | ||
| 040 |
_aFISKH _beng _cFISKH _dFISKH |
||
| 050 | _a PZ7.D128 | ||
| 082 | _a813.5 | ||
| 100 |
_aDadey, Debbie _d(1959-) |
||
| 245 |
_aThe Bailey school kids : _bDracula doesn't drink lemonade / _cby Debbie Dadey and Marcia Thornton Jones ; Illustrated by John Steven Gurney |
||
| 250 | _aThis edition first published in 1995 | ||
| 260 |
_aNew York : _bScholastic, _c1995. |
||
| 300 |
_a71 pages : _billustrations ; _c20 cm |
||
| 490 |
_aLittle Apple _v#16 |
||
| 505 | _aN | ||
| 520 | _aThere are some pretty weird grown-ups living in Bailey City. But could the new guidance counselor really be Count Dracula? The Bailey School kids are going to find out! | ||
| 521 | 8 |
_a580
_bLexile |
|
| 521 | 8 |
_aN
_bRaz-Plus |
|
| 650 |
_2Dracula _aFiction |
||
| 650 |
_2Chapter book _aVampires |
||
| 700 |
_aGurney, Steven John _dillustrator |
||
| 942 |
_2ddc _cBK _n0 |
||
| 999 |
_c6039 _d6039 |
||